00458nam a2200133Ia 4500008004100000082002100041100002200062245005600084260003400140300001000174942001200184999001900196952010900215210430s9999 xx 000 0 und d a620.11292 C853 M aThomas H.Courtney aMechanical Behavior of MaterialscThomas H.Courtney aNew York bMcGraw Hill c1990 a710p. cBK2ddc c561974d561974 001040708NFICaSCMEbSCMEcGENd0000-00-00l0o620.11292 C853 MpSCME-832r2021-04-30w2021-04-30yBK